ბათუმის შოთა რუსთაველის სახელმწიფო უნივერსიტეტის ბიბლიოთეკა

ჩანაწერები : (1967-2017) / (ბიბ.ჩანაწერი № 62135)

000 -ლიდერი
ფიქსირებული სიგრძის საკონტროლო ველი 01227nam a22002177a 4500
003 - საკონტროლო ნომრის იდენტიფიკატორი
საკონტროლო ველი Ge_BSU
005 - ბოლო ოპერაციის თარიღი და დრო
საკონტროლო ველი 20240719121914.0
008 - ფიქსირებული სიგრძის მონაცემთა ელემენტები - ზოგადი ინფორმაცია
ფიქსირებული სიგრძის საკონტროლო ველი 240719s2018 ge ||||| |||| 00| 0 geo d
020 ## - წიგნის საერთაშორისო სტანდარტული ნომერი
International Standard Book Number 9789941470684
041 ## - ენის კოდი
Language code of text/sound track or separate title geo
080 ## - უნივერსალური ათობითი კლასიფიკაციის ინდექსი
Universal Decimal Classification number 821.353.1-94 დ-15
100 ## - მთავარი ჩანაწერი - პიროვნების სახელი
Personal name დავითაია, ვახტანგ.
9 (RLIN) 15482
245 ## - ცნობა სათაურის შესახებ
Title ჩანაწერები : (1967-2017) /
Statement of responsibility, etc ვახტანგ დავითაია ; დიზაინი ტატა ნაცვლიშვილი
264 ## - წარმოების, გამოცემის, დისტრიბუციის და სხვა ცნობები
გამოცემის, წარმოების, დისტრიბუციის... ადგილი თბილისი :
გამოცემის, წარმოების, დისტრიბუციის... სახელწოდება ინტელექტი,
გამოცემის, წარმოების, დისტრიბუციის... თარიღი 2018.
300 ## - ფიზიკური აღწერა
Extent 254 გვ.:
Other physical details [80] ჩართ. გვ. ფოტ.
Dimensions 20 სმ.
500 ## - ზოგადი შენიშვნა
General note გარეკანზე: ირინა აბჟანდაძის ფოტო
501 ## - შენიშვნა თანმხლებ მასალაზე
With note ეძღვნება ივანე ჩხენკელის ხსოვნას.
653 ## - INDEX TERM--UNCONTROLLED
Uncontrolled term ქართული ლიტერატურა -- ფრთიანი გამონათქვამები. ქართული მემუარული ლიტერატურა.
700 ## - ADDED ENTRY--PERSONAL NAME
Personal name ნაცვლიშვილი, ტატა.
Relator term დიზაინერი.
9 (RLIN) 22884
942 ## - ADDED ENTRY ELEMENTS (KOHA)
Source of classification or shelving scheme
Koha item type წიგნი
ეგზემპლარები
ჩამოწერის სტატუსი დაკარგული ეგზემპლარის სტატუსი კლასიფიკაციის წყარო ან თაროზე გაწყობის სქემა დაზიანების სტატუსი არ გაიცემა მუდმივი მდებარეობა (დაცვის ადგილი) ამჟამინდელი ადგილსამყოფელი თაროზე განთავსების ადგილი შეძენის თარიღი ღირებულება, შესყიდვის ნორმალური ფასი სრული შენახვის შიფრი შტრიხკოდი ბოლო ოპერაციის თარიღი ეგზემპლარის მიმდევრობითი ნომერი (კეტერი?) ფასის ძალაში შესვლის თარიღი ეგზემპლარის სახეობა საჯარო შენიშვნა
          ტექნოლოგიური ფაკულტეტის ბიბლიოთეკა ტექნოლოგიური ფაკულტეტის ბიბლიოთეკა წიგნსაცავი 2024-07-19 13.00 821.353.1-94 დ-15 68787 2024-07-19 68787 2024-07-19 წიგნი 13ლ.95თ.